| 000 | 01072cam a2200325 a 4500 | ||
|---|---|---|---|
| 999 |
_c4729 _d4729 |
||
| 001 | 40538231 | ||
| 003 | OCoLC | ||
| 005 | 20181212204211.0 | ||
| 008 | 980105s1998 njuab 001 0 eng | ||
| 010 | _a97077836 | ||
| 020 | _a0882707450 | ||
| 040 |
_aDLC _cDLC _dOCL _dATH |
||
| 050 | 0 | 0 |
_aBS417 _b.F74 1998 |
| 050 | 0 | 0 |
_aBS417 _b.F74 1998 |
| 082 |
_a220.95 _bF855M |
||
| 100 | 1 |
_aFreeman, James M. _q(James Midwinter), _d1827-1900. |
|
| 245 | 1 | 0 |
_aManners & customs of the Bible / _cby James M. Freeman ; edited by Harold Chadwick. |
| 246 | 1 | 4 | _aNew manners & customs of the Bible |
| 246 | 3 | _aManners and customs of the Bible | |
| 250 | _a[Rev. ed.]. | ||
| 260 |
_aNorth Brunswick, NJ : _bBridge-Logos Publishers, _cc1998. |
||
| 300 |
_axxii, 578 p. : _bill., maps ; _c23 cm. |
||
| 500 | _a"Rewritten and updated by Harold J. Chadwick"--Cover. | ||
| 500 | _aIncludes index. | ||
| 630 | 0 | 0 |
_aBible _vHandbooks, manuals, etc. |
| 630 | 0 | 0 |
_aBible _xHistory of Biblical events. |
| 630 | 0 | 0 |
_aBible _xAntiquities. |
| 700 | 1 | _aChadwick, Harold J. | |
| 942 |
_2ddc _cBK |
||